ბათუმის შოთა რუსთაველის სახელმწიფო უნივერსიტეტის ბიბლიოთეკა

Персональное торнадо для духа фараона : (ბიბ.ჩანაწერი № 44992)

000 -ლიდერი
ფიქსირებული სიგრძის საკონტროლო ველი 01037nam a2200265Ia 4500
001 - საკონტროლო ნომერი
საკონტროლო ველი 11813
003 - საკონტროლო ნომრის იდენტიფიკატორი
საკონტროლო ველი GE_BSU
005 - ბოლო ოპერაციის თარიღი და დრო
საკონტროლო ველი 20240627161917.0
008 - ფიქსირებული სიგრძის მონაცემთა ელემენტები - ზოგადი ინფორმაცია
ფიქსირებული სიგრძის საკონტროლო ველი 181216s2004||||ru |||||||||||||| ||rus||
020 ## - წიგნის საერთაშორისო სტანდარტული ნომერი
International Standard Book Number 99928-0-838-1
040 ## - კატალოგიზაციის წყარო
Transcribing agency GE_BSU
041 ## - ენის კოდი
Language code of text/sound track or separate title rus
080 ## - უნივერსალური ათობითი კლასიფიკაციის ინდექსი
Universal Decimal Classification number 903.531 В-23
100 ## - მთავარი ჩანაწერი - პიროვნების სახელი
Personal name Вашакидзе, Гизо
9 (RLIN) 22616
245 ## - ცნობა სათაურის შესახებ
Title Персональное торнадо для духа фараона :
Remainder of title Раскрыта тайна пирамид / ].
Statement of responsibility, etc Гизо Вашакидзе ; [Ред. А. Хантадзе].
264 ## - წარმოების, გამოცემის, დისტრიბუციის და სხვა ცნობები
გამოცემის, წარმოების, დისტრიბუციის... ადგილი Тбилиси :
გამოცემის, წარმოების, დისტრიბუციის... სახელწოდება Мецниереба,
გამოცემის, წარმოების, დისტრიბუციის... თარიღი 2004.
300 ## - ფიზიკური აღწერა
Extent 140 с. :
Other physical details ил. ;
Dimensions 20 см.
504 ## - BIBLIOGRAPHY, ETC. NOTE
Bibliography, etc Библиогр. : с. 139-140
653 ## - INDEX TERM--UNCONTROLLED
Uncontrolled term Персональное торнадо для духа фараона
653 ## - INDEX TERM--UNCONTROLLED
Uncontrolled term раскрыта таина пирамид
653 ## - INDEX TERM--UNCONTROLLED
Uncontrolled term ძველი ეგვიპტის ისტორია
653 ## - INDEX TERM--UNCONTROLLED
Uncontrolled term პირამიდები
653 ## - INDEX TERM--UNCONTROLLED
Uncontrolled term ტორნადოები
942 ## - ADDED ENTRY ELEMENTS (KOHA)
Koha item type წიგნი
Source of classification or shelving scheme
ეგზემპლარები
ჩამოწერის სტატუსი დაკარგული ეგზემპლარის სტატუსი დაზიანების სტატუსი არ გაიცემა შეძენის თარიღი შტრიხკოდი ბოლო ოპერაციის თარიღი ფასის ძალაში შესვლის თარიღი ეგზემპლარის სახეობა
        2018-12-17 26916 2018-12-17 2018-12-17 წიგნი